Paradis sous terre (Registro nro. 184419)

Detalles MARC
000 -ENCABEZADO
Número de control [NR] 00945 a2200253 4500
005 - FECHA Y HORA DE LA ÚLTIMA TRANSACCIÓN
control field 20140905152129.0
008 - DE LONGITUD FIJA DE DATOS DE ELEMENTOS - INFORMACIÓN GENERAL
Elementos de longitud fija [NR] 140217s2012 xxc||||fr|||| 000 0 eng d
020 ## - NUMERO INTERNACIONAL NORMALIZADO PARA LIBROS [R]
Número Internacional Normalizado del libro [NR] 9782917770436
040 ## - FUENTE DE CATALOGACION [NR]
Agencia de catalogación original [NR] CO-BoUCM
Idioma de catalogación [NR] spa
Quien Cataloga Jose A. Gerena
Quien Clasifica Aldemar Mondragón
041 ## - CODIGO DE IDIOMA [R]
Código de idioma para texto/pista de sonido o título separado [R] Inglés
100 1# - ASIENTO PRINCIPAL--NOMBRE PERSONAL [NR]
Nombre personal [NR] Deneault, Alain
ID Autoridad 56350
245 10 - MENCION DE TITULO [NR]
Título [NR] Paradis sous terre
Parte restante del título [NR] comment le Canada est devenu la plaque tournante de l'industrie minière mondiale
Mención de responsabilidad, etc. [NR] Alain Deneault, William Sacher
260 ## - PUBLICACION, DISTRIBUCION, ETC. (PIE DE IMPRENTA) [R]
Nombre del editor, distribuidor, etc. [R] Rue de L'echiquier
Lugar de publicación, distribución, etc. [R] Montreal (Québec, Canadá)
Fecha de publicación, distribución, etc. [R] 2012
300 ## - DESCRIPCION FISICA [R]
Extensión [R] 188 páginas
490 ## - MENCION DE SERIE [R]
Mención de serie [R] Écosociété
504 ## - NOTA DE BIBLIOGRAFIA, ETC. [R]
Nota de bibliografía, etc. [NR] Incluye referencias bibliográficas
650 #7 - ASIENTO SECUNDARIO DE MATERIA - TERMINO TEMATICO [R]
9 (RLIN) 17469
Término temático o nombre geográfico como elemento de entrada [NR] Industria minera
Subdivisión geográfica [R] Canadá
650 #7 - ASIENTO SECUNDARIO DE MATERIA - TERMINO TEMATICO [R]
Término temático o nombre geográfico como elemento de entrada [NR] Economía de la producción
9 (RLIN) 56849
650 #7 - ASIENTO SECUNDARIO DE MATERIA - TERMINO TEMATICO [R]
Término temático o nombre geográfico como elemento de entrada [NR] Minería
Subdivisión geográfica [R] Canadá
9 (RLIN) 56848
690 ## - ASUNTO AGREGADO LOCAL DE ENTRADA - TÉRMINO TEMÁTICO (OCLC, RLIN)
9 (RLIN) 42881
Acceso temático local Microeconomía
700 1# - ASIENTO SECUNDARIO - NOMBRE PERSONAL [R]
Nombre personal [NR] Sacher, William
9 (RLIN) 56351
942 ## - ELEMENTOS DE ENTRADA AGREGADOS (KOHA)
Tema principal Economía
Tipo de ítem principal el descrito en 300a Libro
Edición 1
Parte restante de la signatura top. D392p
Sistema de clasificación DEWEY
Clasificación 338.6622
Existencias
Total préstamos Signatura topográfica Código de barras Última vez visto Ejemplar Costo de reposición Price effective from Tipo de ítem Perdido Sistema de clasificación Dañado No prestable Tipo de ítem específico Suprimido Ubicación habitual Ubicación actual Localización Fecha de creación Proveedor Forma de adquisición Costo
  338.6622 D392p 100140295 03/12/2025 Ej.1 51600.00 21/01/2014 Libro   DEWEY     Libro   Claustro Claustro Mezanine 21/01/2014 15 Compra 51600.00